000 00562nam a22001571 4500
005 20200320175811.0
035 _a()27217
245 0 0 _aUtah: Treasure house of the nation
_hmagazine
260 _aSalt Lake City, Utah
_bUtah State Historical Society
_c1963
440 1 0 _aUtah historical quarterly
_95820127
440 1 0 _aBLANK AUTHORITY TEXT
_95768818
942 _cREFERENCE
_04
948 _a05/11/2004
_b11/16/2011
_zSirsi
996 _a27217
_b34301000301350
_cLOCKED
_dnref
_eWCL
_fi
_g4
_h12.00
_lGift
_m979 Min
_p09/13/2000
_q06/12/2010
_r04/03/2006
999 _c257648
_d257648